Bordering Countries Furthest Apart Alphabetically - Statistics

General Stats
  • This quiz has been taken 81 times
    42 since last reset
  • The average score is 30 of 34
Answer Stats
# Countries % Correct
Zimbabwe
100%
25 Angola
97%
24 Botswana
97%
24 Botswana
97%
Zambia
97%
Zambia
97%
Zambia
97%
20 Brazil
93%
19 Brazil
93%
19 Colombia
93%
22 DR Congo
93%
Venezuela
93%
Venezuela
93%
19 Cambodia
90%
19 China
90%
Uruguay
90%
Uruguay
90%
Vietnam
90%
Vietnam
90%
20 Argentina
87%
19 Azerbaijan
87%
Turkey
87%
Turkey
87%
Uzbekistan
87%
Tajikistan
83%
Turkmenistan
83%
20 Afghanistan
80%
19 Afghanistan
80%
19 Afghanistan
80%
19 Armenia
80%
19 Algeria
73%
Tunisia
73%
19 Belarus
70%
Ukraine
70%
No matching quizzes found
Score Distribution
Percent of People with Each Score
Percentile by Number Answered
Your Score History
You have not taken this quiz since the last reset